الشخصيات السامة في العمل كيف نتعامل معها ؟ / (رقم التسجيلة. 135348)

تفاصيل مارك
000 -الفاتح
عناصر البيانات ثابتة الطول 00835cam a2200217 i 4500
005 - تاريخ ووقت آخر معاملة
حقل ضبط 20251111121927.0
008 - عناصر البيانات ثابتة الطول
عناصر البيانات ثابتة الطول 250721s2016 jo gr 000 0 ara d
082 14 - رقم تصنيف ديوي العشري
رقم التصنيف 158.26
رقم المادة ح س ن
100 1# - مدخل رئيسي – اسم شخصي
الاسم الشخصي حسن، سناء
علاقة الشخص بالعمل/ دوره مؤلف.
245 12 - بيان العنوان
العنوان الشخصيات السامة في العمل كيف نتعامل معها ؟ /
بيان المسؤولية تأليف سناء حسن.
250 ## - بيان الطبعة
بيان الطبعة الطبعة الأولى.
264 31 - بيانات النشر، التوزيع…إلخ
مكان النشر، التوزيع...إلخ عمان :
اسم الناشر، الموزع...إلخ دار المأمون للنشر والتوزيع،
تاريخ النشر، التوزيع...إلخ 2016.
300 ## - الوصف المادي
عدد الوحدات المكونة للوعاء 154 صفحة.
650 17 - مدخل إضافي بالموضوع - مصطلح موضوعي
مصطلح موضوعي أو اسم جغرافي كعنصر مدخل علم النفس الفردي.
650 17 - مدخل إضافي بالموضوع - مصطلح موضوعي
مصطلح موضوعي أو اسم جغرافي كعنصر مدخل العلاقات بين الافراد.
650 17 - مدخل إضافي بالموضوع - مصطلح موضوعي
مصطلح موضوعي أو اسم جغرافي كعنصر مدخل علاقات العمل.
650 17 - مدخل إضافي بالموضوع - مصطلح موضوعي
مصطلح موضوعي أو اسم جغرافي كعنصر مدخل سيكولوجية الشخصية.
650 17 - مدخل إضافي بالموضوع - مصطلح موضوعي
مصطلح موضوعي أو اسم جغرافي كعنصر مدخل الاتصالات بين الافراد.
942 ## - بيانات إضافية (كوها)
نوع التنصيف Dewey Decimal Classification
نوع المادة (كوها) كتب
المقتنيات
حالة السحب حالة الفقدان مصدر التصنيف حالة التلف غير قابل للإعارة المكتبة الرئيسية المكتبة الحالية موقع الرف تاريخ التزويد الرقم المتسلسل Total Checkouts رقم الإستدعاء الباركود تاريخ آخر ظهور تاريخ الفاتورة نوع المادة (كوها)
    Dewey Decimal Classification     المكتبة المركزية المكتبة المركزية الإعارة 28/07/2025 1643319   158.26 / ح س ن PLD00394781 28/07/2025 28/07/2025 كتب
    Dewey Decimal Classification     المكتبة المركزية المكتبة المركزية مقتنيات قسم التزويد 28/07/2025 1643320   158.26/حسن   28/07/2025 28/07/2025 كتب
    Dewey Decimal Classification     المكتبة المركزية المكتبة المركزية مقتنيات قسم التزويد 28/07/2025 1643321   158.26/حسن   28/07/2025 28/07/2025 كتب
    Dewey Decimal Classification     المكتبة المركزية المكتبة المركزية مقتنيات قسم التزويد 28/07/2025 1643322   158.26/حسن   28/07/2025 28/07/2025 كتب
    Dewey Decimal Classification     المكتبة المركزية المكتبة المركزية مقتنيات قسم التزويد 28/07/2025 1643323   158.26/حسن   28/07/2025 28/07/2025 كتب
    Dewey Decimal Classification     المكتبة المركزية المكتبة المركزية مقتنيات قسم التزويد 28/07/2025 1643324   158.26/حسن   28/07/2025 28/07/2025 كتب
    Dewey Decimal Classification     مكتبة أبو علندا العامة مكتبة أبو علندا العامة الإعارة 31/10/2016 1643332   158.26/حسن PLD00397383 28/07/2025 31/10/2016 كتب
    Dewey Decimal Classification     مكتبة أم قصير والمقابلين العامة مكتبة أم قصير والمقابلين العامة الإعارة 31/10/2016 1643326   158.26/حسن PLD00397377 28/07/2025 31/10/2016 كتب
    Dewey Decimal Classification     مكتبة الاميرة بديعة مكتبة الاميرة بديعة الإعارة 31/10/2016 1643327   158.26/حسن PLD00397378 28/07/2025 31/10/2016 كتب
    Dewey Decimal Classification     مكتبة الجويدة مكتبة الجويدة الإعارة 31/10/2016 1643325   158.26/حسن PLD00397376 28/07/2025 31/10/2016 كتب
    Dewey Decimal Classification     مكتبة الحسن العامة مكتبة الحسن العامة الإعارة 31/10/2016 1643330   158.26/حسن PLD00397381 28/07/2025 31/10/2016 كتب
    Dewey Decimal Classification     مكتبة حمزة العامة مكتبة حمزة العامة الإعارة 31/10/2016 1643333   158.26/حسن PLD00397384 28/07/2025 31/10/2016 كتب
    Dewey Decimal Classification     مكتبة صويلح العامة مكتبة صويلح العامة الإعارة 31/10/2016 1643331   158.26/حسن PLD00397382 28/07/2025 31/10/2016 كتب
Implemented & Customized by: BBB with SCIT (Smart Chains for Information Technology)

Powered by Koha